01409nam a2200181Ia 4500952010800000999001700108008004100125020001500166050001600181100003600197245006200233260002900295300002400324505076400348519007601112650003201188942000701220 00104070a18b18d2011-01-11l3oKGF480 L69 T.3p18 001292r2019-10-03s2019-10-03t1w2012-06-26yLB c74190d74190120626s2009 mx 000 0 spa d a9708130036 aKGF480bL691 aLozano Ramírez, Raúleautor10aDerecho civilb : obligacionesc/ Raúl Lozano Ramírez3 aMéxicob : Pacc, 2009 axxii, 242 páginas aLa obligación en general Hechos y actos jurídicos Fuente de las obligaciones El contrato Elementos esenciales para la existencia del contrato Elementos de validez del contrato La interpretación de los contratos Efectos de los contratos entre las partes Efectos de los contratantes relación con terceros Declaración unilateral de la voluntad El enriquecimiento ilegítimo El pago de lo indebido La gestión de negocios Noción de los cuasicontratos Los hechos ilícitos Nuestro código penal El daño moral El abuso de los derechos El riesgo creado o la responsabilidad objetiva Obligaciones puras y simples Obligaciones complejas Obligaciones con pluralidad de sujetos Obligaciones con pluralidad de objetos El cumplimiento de las obligaciones aPlan Flexible / bDerecho / cDerecho Civil III (P12-3) / d(18 001292)14aDERECHO CIVILxOBLIGACIONES cLB